000 00743nam a22001577a 4500
999 _c4532
_d235036
080 _a351.712 V 636
100 _4aut
_aVespucci, Lucas
245 _aContratos de Derecho Público. Corredores Viales. Peaje. ResponsabilidaD Civi l de los Concesionarios de Carreteras.
300 _a58 P.
500 _aDirector de tesis:
502 _aTesis (Especialización)--Universidad Nacional de Mar del Plata. facultad de Derecho. Departamento de Posgrado, 2006.
504 _aTiene Bibliografía: p. 55- 58.
650 _2IEDCYT
_aderecho administrativo
_acontratos de derecho pUblico
_acorredores viales
_acontrato de peaje
_acontrato de concesiOn
_acontrato de rutas
_aresponsabilidad civil
_ajurisprudencia
945 _acd
_d2017-07-14